00373nam a2200121 a 450000100100000000500170001000800410002704000250006808200140009324500730010726000450018030000260022500004781120201002060742.0180817s2012 dr a 000 spa d aDO-SdBNPbspacBNPHU axxxbE968 0aExamen de las políticas de ciencias, tecnologíca e innovación. aSanto Domingo :bNaciones Unidas,c2012. a110 p :bil ;c30 cm.